1821 : γυναίκες και επανάσταση

Αποθηκεύτηκε σε:
Λεπτομέρειες βιβλιογραφικής εγγραφής
Κύριος συγγραφέας: Λάζου, Βασιλική
Μορφή: Βιβλίο
Γλώσσα:Greek
Δημοσίευση: Αθήνα : Διόπτρα, c2021.
Σειρά:Ιστορία και πολιτική (Διόπτρα)
Θέματα:
Ετικέτες: Προσθήκη ετικέτας
Δεν υπάρχουν, Καταχωρήστε ετικέτα πρώτοι!

MARC

LEADER 00000cam a2200000 a 4500
001 1/124433
008 220224s2021####gr | ||| |||| ||gre||
020 |a 9789606532467 
040 |a GR-MyUa  |b gre  |c GR-MyUa  |e AACR2 
041 0 |a gre 
082 7 |a 305.409495   |2 (23) 
100 1 |a Λάζου, Βασιλική. 
245 1 0 |a 1821 :   |b γυναίκες και επανάσταση /   |c Βασιλική Λάζου.  
246 1 |i Τίτλος εξωφύλλου:   |a Γυναίκες και επανάσταση 1821:   |b από τον οθωμανικό κόσμο στο ελεύθερο ελληνικό κράτος  
260 |a Αθήνα :   |b Διόπτρα,   |c c2021.  
300 |a 278 σ. ;   |c 21 εκ.  
490 1 |a (Ιστορία και πολιτική)  
504 |a Περιλαμβάνει βιβλιογραφικές παραπομπές.  
650 0 |a Women  |x History  |y 19th century  |z Greece. 
651 1 |a Greece  |x History  |y War of Independence, 1821-1829  |x Participation, Female. 
830 0 |a Ιστορία και πολιτική (Διόπτρα) 
852 |a INST  |b LESVOS  |e 20220224  |h 305.409495 ΛΑΖ  |p 005100063659  |q 005100063659  |t BK  |y 0 
922 |a 1ΕΛΗ  |b 2022-02  |c Κεντρική Υπηρεσία Βιβλιοθήκης  |d Χατζηδανιήλ 
970 |a Καμάτσου  |b Δέσποινα  |z 24-02-2022